Statistics for Random Translations Quiz

Click here to take the quiz!

General Stats

  • This quiz has been taken 31,585 times
    (31,574 since last reset)
  • The average score is 12 of 24

Answer Stats

Language Word or Phrase Translation % Correct
SpanishFeliz NavidadMerry Christmas
84%
GermanWas ist Das?What is This?
83%
SpanishLos AngelesThe Angels
78%
ScottishLochLake
74%
RussianNyetNo
72%
FrenchCafé au LaitCoffee with Milk
66%
GermanStille NachtSilent Night
65%
GermanO TannenbaumO Christmas Tree
63%
JapaneseKonnichi waGood Afternoon
59%
FrenchDu Jourof the Day
59%
ItalianFrescoFresh
52%
GermanMein KampfMy Struggle
52%
RussianBabushkaGrandmother
50%
FrenchCoeur de LionLionheart
48%
GermanDas BootThe Boat
42%
SpanishTierra del FuegoLand of Fire
40%
GermanBlitzkriegLightning War
36%
ItalianMoltoVery
34%
FrenchNom de PlumePen Name
33%
HawaiianMahaloThank You
32%
ArabicJihadStruggle
30%
SpanishBarrioNeighborhood
30%
GermanZeitgeistTime Spirit
22%
SpanishLa BreaThe Tar
11%

Score Distribution

Percentile by Number Answered

Percent of People with Each Score

Your Score History

You have not taken this quiz since the last reset